Guess What The Harry Potter Symbol Stands For - Statistics

General Stats
  • This quiz has been taken 42 times
  • The average score is 5 of 8
Answer Stats
Picture Answer % Correct
Slytherin
88%
Hufflepuff
85%
Deathly hallows
82%
Ravenclaw
82%
Gryffindor
79%
Dark Mark
58%
Umbridge
27%
Hogwarts Crest
12%
No matching quizzes found
Score Distribution
Percent of People with Each Score
Percentile by Number Answered
Your Score History
You have not taken this quiz